Základy korejštiny

Gespeichert in:
Bibliographische Detailangaben
Format: Buch
Sprache:Tschechisch
Veröffentlicht: Praha Academia 1983
Schriftenreihe:Malé učebnice nového Orientu
Tags: Tag hinzufügen
Keine Tags, Fügen Sie das erste Tag hinzu!

MARC

LEADER 00000nam a2200000 4500
001 c115698
005 20250707100835.8
041 0 |a cze 
044 |a CZ 
245 1 0 |a Základy korejštiny  |c Vladimír Pucek 
264 1 |a Praha  |b Academia  |c 1983 
300 |a 110 s. 
490 1 |a Malé učebnice nového Orientu 
830 0 |a Malé učebnice nového Orientu